000 00714cam a2200229 4500
008 000000n2000 000 0 eng u
035 _a(Sirsi) u106082
245 _aDemonstration projects hit Egan targets
260 _c2000
490 _aBuilding
_v(20) 19 May 2000, 8(1)
520 _aAll 45 Egan demonstration projects completed so far have met their improvement targets. Details will be revealed at the third Egan conference. www.m4i.org.uk
590 _aWB
650 _aEGAN REFORMS
650 _aEGAN REFORMS
650 _aCONSTRUCTION COSTS
650 _aDESIGN
650 _aSAFETY
650 _aDEFECTS
650 _aDEMONSTRATION PROJECTS
690 _aBUILT ENVIRONMENT
942 _n0
999 _c63548
_d63548